Marketing a obchod 2002 v procese integrácie do Európskej únie medzinárodné kolokvium, Kováčová 9.-10. september 2002 : international colloquium

Saved in:
Bibliographic Details
Corporate Author: Technická univerzita vo Zvolene. Drevárska fakulta
Other Authors: Šupín, Mikuláš
Format: Book
Language:Slovak
English
Czech
Published: Zvolen Technická univerzita vo Zvolene 2002
Subjects:
Tags: Add Tag
No Tags, Be the first to tag this record!

MARC

LEADER 00000nam a2200000 4500
001 0190424
005 20240104103018.5
020 |a 80-89029-54-X 
041 0 |a slo 
041 0 |a eng 
041 0 |a cze 
044 |a SK 
245 1 0 |a Marketing a obchod 2002 v procese integrácie do Európskej únie  |b medzinárodné kolokvium, Kováčová 9.-10. september 2002 : international colloquium  |c editor Mikuláš Šupín 
264 1 |a Zvolen  |b Technická univerzita vo Zvolene  |c 2002 
300 |a 206 s. 
610 2 0 |a marketing 
610 2 0 |a obchod 
610 2 0 |a integrácia ekonomická medzinárodná 
610 2 0 |a Európska únia 
610 2 0 |a Slovensko 
700 1 |a Šupín, Mikuláš 
710 2 |a Technická univerzita vo Zvolene. Drevárska fakulta